Longest Border by Each U.S. State - Statistics

General Stats
  • This quiz has been taken 98 times
  • The average score is 38 of 48
Answer Stats
State Longest Border % Correct
Arizona New Mexico
100%
Alabama Mississippi
97%
California Nevada
97%
Georgia Alabama
92%
Florida Georgia
92%
Illinois Indiana
91%
Idaho Montana
91%
Colorado Wyoming
91%
Indiana Illinois
89%
Delaware Maryland
89%
Connecticut Massachusetts
89%
Maine New Hampshire
89%
Kentucky Tennessee
89%
New Hampshire Vermont
88%
Louisiana Mississippi
86%
Arkansas Missouri
86%
Kansas Oklahoma
85%
Maryland Pennsylvania
85%
Nevada California
84%
New Mexico Texas
84%
New Jersey Pennsylvania
82%
Mississippi Louisiana
81%
Michigan Wisconsin
81%
Montana Idaho
80%
Massachusetts New Hampshire
80%
Minnesota North Dakota
80%
New York Pennsylvania
80%
North Carolina South Carolina
80%
Iowa Minnesota
78%
Nebraska South Dakota
78%
Oklahoma Texas
77%
Oregon Washington
77%
North Dakota Minnesota
76%
Pennsylvania New York
74%
South Carolina Georgia
73%
Rhode Island Massachusetts
73%
Tennessee Kentucky
72%
Vermont New Hampshire
69%
Texas Oklahoma
69%
Missouri Illinois
66%
South Dakota Nebraska
65%
Utah Nevada
65%
Virginia West Virginia
65%
Washington Oregon
64%
Ohio West Virginia
64%
West Virginia Virginia
62%
Wisconsin Minnesota
57%
Wyoming Montana
51%
No matching quizzes found
Score Distribution
Percent of People with Each Score
Percentile by Number Answered
Your Score History
You have not taken this quiz